| 000 | 01234 am a2200349 a 4500 | ||
|---|---|---|---|
| 005 | 20240219123652.0 | ||
| 008 | 100916s1995||||ag a f |||| 001 0 spa d | ||
| 020 | _a9879914309 | ||
| 041 | _aspa | ||
| 092 |
_c616.0757 _l16 _sDIA |
||
| 245 |
_aDiagnóstico por imágenes para alumnos de Medicina / _cFrancisco A. Eleta |
||
| 250 | _a3a ed. | ||
| 260 |
_aBuenos Aires: _bFundación Jaime Roca ; Temis Lostaló; _c1995. |
||
| 300 |
_a134 p. _bil. |
||
| 500 | _aEleta, F. A. et al. (1995). Diagnóstico por imágenes para alumnos de medicina. (3a ed.). Buenos Aires : Fundación Jaime Roca ; Temis Lostaló. | ||
| 653 | _aMétodos de diagnóstico por imágenes | ||
| 653 | _aSistema respiratorio, diafragma y mediastino | ||
| 653 | _aCorazón y aorta | ||
| 653 | _aAbdomen en general y sistema digestivo | ||
| 653 | _aSistema urinario | ||
| 653 | _aSistema ginecológico y obstetricia | ||
| 653 | _aEsqueleto | ||
| 653 | _aCabeza ósea | ||
| 653 | _aSistema nervioso central | ||
| 653 | _aRadiología intervencionista | ||
| 700 | 1 |
_aEleta, Francisco A. _9802 |
|
| 700 | 1 |
_aVelán, Osvaldo. _9803 |
|
| 700 | 1 |
_aSan Román, José Luís. _9804 |
|
| 700 | 1 |
_aBlejman, Oscar. _9805 |
|
| 930 | _a460 | ||
| 942 |
_2ddc _cBK |
||
| 999 |
_c734 _d734 |
||